Central Library OPAC University of Rajshahi

রুমূয-ই-বেখুদী / (Record no. 48074)

MARC details
000 -LEADER
fixed length control field 00927nam a22002417a 4500
001 - CONTROL NUMBER
control field 48074
003 - CONTROL NUMBER IDENTIFIER
rucl marc code BD-RjUL
005 - DATE AND TIME OF LATEST TRANSACTION
control field 20211209054444.0
008 - FIXED-LENGTH DATA ELEMENTS--GENERAL INFORMATION
fixed length control field 160811s1955 bg ||||| |||| 00| 0 ben d
020 ## - INTERNATIONAL STANDARD BOOK NUMBER
Terms of availability : TK 20.00
035 ## - SYSTEM CONTROL NUMBER
System control number (BD-RjUL)48193
040 ## - CATALOGING SOURCE
Original cataloging agency BD-RjUL
Language of cataloging ben
Transcribing agency BD-RjUL
041 ## - LANGUAGE CODE
Language code of text/sound track or separate title ben
082 ## - DEWEY DECIMAL CLASSIFICATION NUMBER
Edition number 23
Classification number 891.51
Author mark and year IQR 1955
100 ## - MAIN ENTRY--PERSONAL NAME
Personal name ইকবাল, মোহাম্মদ
9 (RLIN) 145740
245 10 - TITLE STATEMENT
Title রুমূয-ই-বেখুদী /
Statement of responsibility, etc. মোহাম্মদ ইকবাল
260 ## - PUBLICATION, DISTRIBUTION, ETC. (IMPRINT)
Place of publication, distribution, etc. ঢাকা :
Name of publisher, distributor, etc. পাকিস্তান পাবলিকেশন্স,
Date of publication, distribution, etc. ১৯৫৫
300 ## - PHYSICAL DESCRIPTION
Pagination ১১৭ পৃ. ;
Size ১৭ সেমি.
650 ## - SUBJECT ADDED ENTRY--TOPICAL TERM
Topical term or geographic name as entry element ইরানিয়ান কবিতা
9 (RLIN) 145741
Topical term or geographic name as entry element Iranian Poetry
9 (RLIN) 145742
700 ## - ADDED ENTRY--PERSONAL NAME
Personal name হক, আবুল ফরাহ মুহম্মদ আবদুল, অনুবাদ
942 ## - ADDED ENTRY ELEMENTS (KOHA)
Source of classification or shelving scheme Dewey Decimal Classification
Koha item type Books
Holdings
Lost status Source of classification or shelving scheme Damaged status Not for loan Collection code Permanent Location Current Location Shelving location Date acquired Source of acquisition Total Checkouts Full call number Date last seen Copy number Koha item type Date checked out
  Dewey Decimal Classification     Non-fiction Central Library, University of Rajshahi Central Library, University of Rajshahi   19/03/1959 Bangla Academy, Dhaka   B 891.51 IQR 1955 11/08/2016 C-2 Books  
  Dewey Decimal Classification     Non-fiction Central Library, University of Rajshahi Central Library, University of Rajshahi   19/03/1959 Bangla Academy, Dhaka   B 891.51 IQR 1955 11/08/2016 C-3 Books  
  Dewey Decimal Classification     Non-fiction Central Library, University of Rajshahi Central Library, University of Rajshahi   20/12/1966 N/A 1 B 891.51 IQR 1955 10/07/2017 C-4 Books 30/04/2017